Giải pháp nâng cao năng lực cạnh tranh ngành du lịch tỉnh An Giang : Luận văn tốt nghiệp cao học. Chuyên ngành Quản trị kinh doanh
Đề cập đến cơ sở hạ tầng du lịch; tài nguyên du lịch; cảm nhận về thị trường du lịch; hiệu quả quảng cáo, chất lượng lao động và cơ sở vui chơi, giải trí; giá cả cạnh tranh ngành du lịch, năng lực làm việc của chính quyền An Giang trong vie...
Đã lưu trong:
| 主要作者: | |
|---|---|
| 格式: | 图书 |
| 语言: | Undetermined |
| 出版: |
Cần Thơ
Trường Đại học Cần Thơ
2016
|
| 主题: | |
| 标签: |
添加标签
没有标签, 成为第一个标记此记录!
|
| Thư viện lưu trữ: | Trung tâm Học liệu Trường Đại học Cần Thơ |
|---|
| LEADER | 01266nam a2200229Ia 4500 | ||
|---|---|---|---|
| 001 | CTU_210772 | ||
| 008 | 210402s9999 xx 000 0 und d | ||
| 082 | |a 338.4791 | ||
| 082 | |b Gi106 | ||
| 088 | |a 60340102 | ||
| 100 | |a Bùi, Hữu Giang | ||
| 245 | 0 | |a Giải pháp nâng cao năng lực cạnh tranh ngành du lịch tỉnh An Giang : | |
| 245 | 0 | |b Luận văn tốt nghiệp cao học. Chuyên ngành Quản trị kinh doanh | |
| 245 | 0 | |c Bùi Hữu Giang ; Nguyễn Văn Hồng (Cán bộ hướng dẫn) | |
| 260 | |a Cần Thơ | ||
| 260 | |b Trường Đại học Cần Thơ | ||
| 260 | |c 2016 | ||
| 520 | |a Đề cập đến cơ sở hạ tầng du lịch; tài nguyên du lịch; cảm nhận về thị trường du lịch; hiệu quả quảng cáo, chất lượng lao động và cơ sở vui chơi, giải trí; giá cả cạnh tranh ngành du lịch, năng lực làm việc của chính quyền An Giang trong việc phát triển du lịch tỉnh nhà | ||
| 650 | |a Du lịch,Tourism | ||
| 650 | |x Công nghiệp và thương mại,Industry and trade | ||
| 904 | |i Nguyên | ||
| 980 | |a Trung tâm Học liệu Trường Đại học Cần Thơ | ||